Top 15 dei paesi con decessi Covid-19 - 27 giugno - Statistics

Statistiche generali
  • Questo quiz è stato fatto 2 volte
  • Il punteggio medio è 10 su 20
Statistiche sulle risposte
nazione % Corretto
Brasile
100%
Francia
100%
Germania
100%
Italia
100%
Russia
100%
Spagna
100%
Stati Uniti
100%
Canada
50%
Cile
50%
India
50%
Messico
50%
Regno Unito
50%
Svizzera
50%
Belgio
0%
Ecuador
0%
Iran
0%
Irlanda
0%
Paesi Bassi
0%
Perù
0%
Svezia
0%
Nessun quiz corrispondente trovato
Distribuzione punteggi
Percentuale di utenti per punteggio
Percentile per numero di risposta
I tuoi punteggi nel tempo
Non hai fatto questo quiz